| 000 | 00974nam a2200205 i 4500 | ||
|---|---|---|---|
| 001 | 153073 | ||
| 003 | ES-MaACL | ||
| 005 | 20230906205019.0 | ||
| 008 | 931025s1784 sp |||| | spa d | ||
| 100 | 1 |
_aCéspedes, Baltasar de. _937684 |
|
| 245 | 1 | 0 |
_aDiscurso de las letras humanas, llamado El humanista : _bque segun D. Nicolás Antonio escribia en el año de 1600 D. Baltasar de Céspedes, yerno del Brocense,... / _cy que sale a luz la primera vez por Don Santos Diez Gonzalez. |
| 260 |
_aEn Madrid : _bpor Antonio Fernandez, _c1784. |
||
| 300 |
_a[8], 121, [2] p. ; _c8º (15 cm) |
||
| 530 | _aDisponible en formato digital. | ||
| 597 | _aSign.: [ ]8, B-H8, I1. | ||
| 650 | 4 |
_aHumanismo- _xEn la literatura. _9151922 |
|
| 700 | 1 |
_aDíez González, Santos. _944741 |
|
| 852 |
_aES-MaACL _jR-3197 _z- Enc. piel con hierros, falto de antep. _x- Olim: T-1419-F(1) |
||
| 856 |
_uhttp://bdh-rd.bne.es/viewer.vm?id=0000086958&page=1 _zBiblioteca Digital Hispánica |
||
| 999 |
_c153073 _d153073 |
||